[Event "AUTO-MASTER-212"]
[Site "http://www.queenalice.com/game.php?id=196672"]
[Date "2007.4.14"]
[Round "2"]
[White "shtrubi"]
[Black "NinjaX"]
[Result "1-0"]
[WhiteElo "2376"]
[BlackElo "2273"]

1. d4 Nf6 2. c4 e6 3. Nf3 b6 4. g3 Bb7 5. Bg2 Be7 6. O-O O-O 7. d5 exd5 8. Nh4
c6 9. cxd5 Nxd5 10. Nf5 Nc7 11. e4 d5 12. Nc3 Nba6 13. exd5 cxd5 14. Re1 Bc5 15.
Qg4 g6 16. Nh6+ Kh8 17. Bf4 f6 18. Rad1 b5 19. a3 b4 20. Bxc7 Nxc7 21. axb4 Bb6
22. Qf4 Qd7 23. Ne4 Rae8 24. Nc5 Rxe1+ 25. Rxe1 Bxc5 26. bxc5 Bc8 27. h4 Qg7 28.
Qd6 Nb5 29. Qc6 Nc7 30. Ra1 a6 31. Re1 Be6 32. Qd6 1-0

[Event "AUTO-ELITE-86"]
[Site "http://www.queenalice.com/game.php?id=196880"]
[Date "2007.4.14"]
[Round "2"]
[White "cro_kramnik"]
[Black "NinjaX"]
[Result "0-1"]
[WhiteElo "2399"]
[BlackElo "2286"]

1. d4 Nf6 2. c4 e6 3. g3 d5 4. Bg2 c5 5. cxd5 cxd4 6. dxe6 fxe6 7. Nf3 Nc6 8.
O-O e5 9. Nbd2 Bf5 10. Ng5 Qd7 11. Nc4 Bc5 12. Bxc6 Qxc6 13. Nxe5 Qd5 14. Qa4+
Kf8 15. Ngf3 Re8 16. Bf4 h6 17. Nh4 Rxe5 18. Bxe5 Qxe5 19. Rac1 g6 20. Qb5 b6
21. b4 Bd6 22. Qa6 Rh7 23. Nxf5 Qxf5 24. Rfd1 Re7 25. Qc8+ Ne8 26. Qxf5+ gxf5
27. Rxd4 Rxe2 28. Rc8 Be7 29. Rf4 Kf7 30. Rxf5+ Ke6 31. Kf1 Rxa2 32. Rxe8 Kxf5
33. Rxe7 a5 34. Rb7 axb4 35. Rxb6 Ra4 36. Rxh6 Ke4 0-1

[Event "AUTO-ELITE-86"]
[Site "http://www.queenalice.com/game.php?id=196881"]
[Date "2007.4.14"]
[Round "2"]
[White "NinjaX"]
[Black "cro_kramnik"]
[Result "0-1"]
[WhiteElo "2300"]
[BlackElo "2366"]

1. d4 Nf6 2. c4 Nc6 3. Nf3 e6 4. e3 Bb4+ 5. Bd2 Bxd2+ 6. Qxd2 d6 7. Nc3 O-O 8.
Rd1 Qe7 9. Bd3 e5 10. Nd5 Nxd5 11. cxd5 Nxd4 12. exd4 e4 13. Qe3 Re8 14. Bb5 c6
15. dxc6 exf3 16. cxb7 Bxb7 17. Bxe8 fxg2 18. Rg1 Rxe8 19. Qxe7 Rxe7+ 20. Kd2 f5
21. Rde1 Rxe1 22. Kxe1 Bf3 23. Kd2 f4 24. Kd3 g5 25. Kc4 g4 26. b4 h5 27. b5 h4
28. a4 h3 0-1

[Event "AUTO-ELITE-86"]
[Site "http://www.queenalice.com/game.php?id=196882"]
[Date "2007.4.14"]
[Round "2"]
[White "shogun"]
[Black "NinjaX"]
[Result "1-0"]
[WhiteElo "2448"]
[BlackElo "2290"]

1. Nc3 c5 2. e4 Nc6 3. Nf3 g6 4. d4 cxd4 5. Nxd4 Bg7 6. Be3 Nf6 7. Bc4 Qa5 8.
O-O O-O 9. Bb3 d6 10. h3 Rd8 11. Qd3 Bd7 12. Rad1 Rac8 13. f4 Nxd4 14. Bxd4 Be6
15. f5 Bxb3 16. axb3 a6 17. Ra1 Qc7 18. Qf3 Rf8 19. Rf2 e6 20. g4 Nd7 21. f6 Bh8
22. g5 Qc6 23. h4 Ne5 24. Qh3 h5 25. gxh6 Kh7 26. Qg3 Nd7 27. Re1 b5 28. e5 dxe5
29. Bxe5 Nxe5 30. Rxe5 Rfd8 31. Ne4 Rd4 32. Ng5+ Kg8 33. h7+ Kf8 34. Ne4 Rxe4
35. Rxe4 1-0

[Event "AUTO-ELITE-86"]
[Site "http://www.queenalice.com/game.php?id=196883"]
[Date "2007.4.14"]
[Round "2"]
[White "NinjaX"]
[Black "shogun"]
[Result "0-1"]
[WhiteElo "2226"]
[BlackElo "2461"]

1. e4 Nc6 2. d4 d5 3. e5 Bf5 4. Nf3 e6 5. Be2 f6 6. O-O Nge7 7. exf6 gxf6 8. Nh4
Qd7 9. Nxf5 Nxf5 10. Bh5+ Kd8 11. c3 Kc8 12. Nd2 Rg8 13. Re1 Bd6 14. Bg4 b6 15.
Nf1 Kb7 16. Ng3 Ng7 17. c4 dxc4 18. d5 Ne5 19. dxe6 Qe7 20. Nf5 Nxf5 21. Bxf5
Rad8 22. Bh6 Bb4 23. Qh5 Bxe1 24. Rxe1 Qb4 25. Rf1 Rge8 26. Bg7 Qe7 27. Qxh7
Nf3+ 28. Kh1 Nd4 29. Bg6 Qxe6 30. Bxe8 Rxe8 31. Qg6 Qe2 32. Qb1 Rg8 33. Bxf6 Qg4
34. Rg1 Nf3 35. Bc3 Nxh2 36. Qd1 Qe4 37. Qh5 Ng4 38. Rf1 Ne3 39. f3 Nxf1 0-1

[Event "Sicilian Najdorf"]
[Site "http://www.queenalice.com/game.php?id=200942"]
[Date "2007.4.22"]
[Round "1"]
[White "gummino"]
[Black "NinjaX"]
[Result "1-0"]
[WhiteElo "2194"]
[BlackElo "2184"]

1. e4 c5 2. Nf3 d6 3. d4 cxd4 4. Nxd4 Nf6 5. Nc3 a6 6. Bc4 e6 7. O-O b5 8. Bd3
Bb7 9. Qf3 b4 10. Na4 Nbd7 11. Qe3 e5 12. Nf3 Be7 13. a3 bxa3 14. bxa3 O-O 15.
c4 Bc6 16. Nc3 Nc5 17. Rb1 Qa5 18. Bd2 Nxd3 19. Qxd3 Qxa3 20. Ra1 Qc5 21. Be3
Bxe4 22. Nxe4 Qc6 23. Nc3 Rfc8 24. Nd2 h6 25. Rfb1 Bd8 26. g3 Rab8 27. Nd5 Rxb1+
28. Rxb1 Nxd5 29. cxd5 Qa4 30. Ne4 Be7 31. Rb6 a5 32. Nxd6 Bxd6 33. Rxd6 Qa1+
34. Kg2 a4 35. Rd7 a3 36. Qf5 Rf8 37. Bc5 1-0

[Event "AUTO-MASTER-214"]
[Site "http://www.queenalice.com/game.php?id=203078"]
[Date "2007.4.27"]
[Round "2"]
[White "CCapivara"]
[Black "NinjaX"]
[Result "0-1"]
[WhiteElo "2011"]
[BlackElo "2286"]

1. e4 c5 2. Nf3 d6 3. d4 cxd4 4. Nxd4 Nf6 5. Nc3 a6 6. Bg5 e6 7. f4 Nbd7 8. Qf3
Qc7 9. O-O-O b5 10. e5 Bb7 11. Qg3 b4 12. exf6 bxc3 13. fxg7 cxb2+ 14. Kb1 Bxg7
15. Bd8 Qxd8 16. Qxg7 Qf6 17. Qxf6 Nxf6 18. Kxb2 Nd5 19. f5 e5 20. Nf3 Rg8 21.
Rg1 Nf4 22. Bc4 Rxg2 23. Rxg2 Nxg2 24. Ng5 Ne3 25. Bxf7+ Ke7 26. Rd3 Nxf5 27.
Bb3 h6 28. Nf7 Bg2 29. Rc3 Kf6 30. Rd3 d5 31. Bxd5 Bxd5 32. Rxd5 Kxf7 33. Rxe5
Kf6 34. Re2 Rc8 35. a4 Nd6 36. Kb3 a5 37. c3 Rc5 38. Rf2+ Kg5 39. Re2 h5 40. Re6
Nc4 41. Re2 h4 42. h3 Kf4 43. Rg2 Ne3 44. Rg8 Rg5 45. Rxg5 Kxg5 46. c4 Kf4 47.
c5 Kg3 48. c6 Nd5 49. Kc4 Nc7 50. Kc5 Kxh3 51. Kb6 Ne8 52. Kxa5 Kg4 0-1

[Event "AUTO-MASTER-214"]
[Site "http://www.queenalice.com/game.php?id=203079"]
[Date "2007.4.27"]
[Round "2"]
[White "NinjaX"]
[Black "CCapivara"]
[Result "1-0"]
[WhiteElo "2283"]
[BlackElo "2127"]

1. e4 d6 2. d4 Nf6 3. Nc3 c6 4. a4 a5 5. Nf3 Bg4 6. Bc4 d5 7. exd5 cxd5 8. Bb5+
Nc6 9. O-O e6 10. Bg5 Be7 11. Re1 O-O 12. Bxc6 bxc6 13. h3 Bh5 14. g4 Bg6 15.
Ne5 Qc7 16. h4 c5 17. Nb5 Qb8 18. Bxf6 Bxf6 19. Nd7 Qd8 20. Nxf8 Kxf8 21. h5 Be4
22. Ra3 Qb8 23. Rh3 h6 24. dxc5 Be7 25. c6 Bc5 26. Rxe4 dxe4 27. c7 Qb6 28. Rc3
Bxf2+ 29. Kg2 Bc5 30. Rxc5 1-0

[Event "TOP MASTERS QA"]
[Site "http://www.queenalice.com/game.php?id=280093"]
[Date "2007.10.2"]
[Round "2"]
[White "Alsina"]
[Black "NinjaX"]
[Result "1-0"]
[WhiteElo "2451"]
[BlackElo "2165"]

1. e4 d5 2. exd5 Nf6 3. c4 c6 4. Nc3 cxd5 5. d4 g6 6. Qb3 Bg7 7. cxd5 O-O 8. Bf4
Nbd7 9. Be2 Nb6 10. Bf3 Bf5 11. Rd1 Qd7 12. h3 h5 13. Be5 Rfd8 14. Bxf6 Bxf6 15.
Nge2 h4 16. O-O Rac8 17. d6 exd6 18. Qa3 a6 19. Qb4 Nc4 20. b3 Nb2 21. Rd2 Nd3
22. Qxb7 Bg5 23. Rdd1 Nb2 24. Ra1 a5 25. Qxd7 Rxd7 26. Bg4 Bxg4 27. hxg4 Nd3 28.
Rad1 Nf4 29. Nxf4 Rxc3 30. Nd5 Rc2 31. f4 Bd8 32. Rf2 Rc6 33. f5 Bg5 34. f6 Rc1
35. Rxc1 Bxc1 36. Rc2 Bg5 37. Rc8+ Kh7 38. Re8 Rb7 39. Re7 Rb5 40. Nc7 Rb8 41.
Rxf7+ Kh6 42. Nd5 Rb5 43. Rf8 Kh7 44. Ne7 Be3+ 45. Kh2 Bxd4 46. Rf7+ Kh6 47. Rg7
1-0

[Event "Sicilian Najdorf"]
[Site "http://www.queenalice.com/game.php?id=353309"]
[Date "2008.2.12"]
[Round "2"]
[White "NinjaX"]
[Black "Alsina"]
[Result "0-1"]
[WhiteElo "2179"]
[BlackElo "2429"]

1. e4 c5 2. Nc3 Nc6 3. f4 g6 4. Nf3 Bg7 5. Bc4 e6 6. O-O Nge7 7. Qe1 O-O 8. d3
d5 9. Bb3 Na5 10. Qh4 Nec6 11. Qh3 a6 12. a4 Nb4 13. f5 exf5 14. Bg5 f6 15. Bh6
fxe4 0-1

[Event "AUTO-MASTER-215"]
[Site "http://www.queenalice.com/game.php?id=377372"]
[Date "2008.3.26"]
[Round "2"]
[White "NinjaX"]
[Black "antonius"]
[Result "0-1"]
[WhiteElo "2148"]
[BlackElo "2119"]

1. e4 c5 2. Nc3 Nc6 3. f4 e6 4. Nf3 Nge7 5. d4 cxd4 6. Nxd4 Nxd4 7. Qxd4 Nc6 8.
Qa4 Bc5 9. Bd2 O-O 10. O-O-O d6 11. Bb5 Bd7 12. e5 a6 13. Bxc6 Bxc6 14. Qc4 Bxg2
15. exd6 Rc8 0-1

[Event "AUTO-MASTER-215"]
[Site "http://www.queenalice.com/game.php?id=377373"]
[Date "2008.3.26"]
[Round "2"]
[White "antonius"]
[Black "NinjaX"]
[Result "1-0"]
[WhiteElo "2105"]
[BlackElo "2162"]

1. d4 Nf6 2. c4 e6 3. Nc3 Bb4 4. Nf3 O-O 5. Bd2 d5 6. e3 c6 7. Bd3 dxc4 8. Bxc4
b5 9. Bd3 Nbd7 10. Qc2 Qe7 11. a3 Bd6 12. Ng5 h6 13. Nge4 Bb7 14. Nxd6 Qxd6 15.
O-O e5 16. Ne4 Nxe4 17. Bxe4 1-0

[Event "TOP MASTERS QA"]
[Site "http://www.queenalice.com/game.php?id=420814"]
[Date "2008.6.21"]
[Round "3"]
[White "NinjaX"]
[Black "shogun"]
[Result "0-1"]
[WhiteElo "2155"]
[BlackElo "2533"]

1. e4 c5 2. Nc3 d6 3. f4 Nc6 4. Nf3 g6 5. Bb5 Bg7 6. O-O Bd7 7. d3 e6 8. Bxc6
Bxc6 9. Qe1 Ne7 10. f5 gxf5 11. exf5 Nxf5 12. Ng5 Qf6 13. Nce4 Qg6 14. Rxf5 exf5
15. Nxd6+ Kd7 16. Bf4 h6 17. Ndxf7 Rae8 18. Qa5 Bd4+ 19. Kf1 Bxg2+ 20. Kxg2 Qc6+
21. Nf3 Re2+ 0-1